| 000 | 00558nam a2200205 i 4500 | ||
|---|---|---|---|
| 001 | 60763 | ||
| 003 | ES-MaACL | ||
| 005 | 20230906164312.0 | ||
| 007 | t| | ||
| 008 | 031106s1917 fr ||||1| fre d | ||
| 100 | 1 |
_aEspitallier, G. _947929 |
|
| 245 | 1 | 0 |
_aAereonautique _b: la technique du ballon / _cG. Espitallier. |
| 250 | _a2ª ed. | ||
| 260 |
_a[S.l. : _bs.n., _c1917] |
||
| 300 |
_a492 p. ; _c18 cm. |
||
| 490 | 1 | _aEncyclopédie scientifique | |
| 830 | 0 |
_aEncyclopédie scientifique _9180883 |
|
| 852 |
_aES-MaACL _jD-4399 |
||
| 999 |
_c60763 _d60763 |
||